The Beatles Solo Albums (Ranked) - Statistics

General Stats
  • This quiz has been taken 458 times
  • The average score is 25 of 62
Answer Stats
# Album Beatle Year % Correct
5 Imagine John 1971
96%
1 All Things Must Pass George 1970
94%
4 Ram Paul 1971
80%
10 McCartney Paul 1970
77%
3 Band on the Run Paul 1973
76%
2 Plastic Ono Band John 1970
72%
55 McCartney II Paul 1980
68%
9 Ringo Ringo 1973
68%
18 Double Fantasy John 1980
62%
12 Cloud Nine George 1987
57%
25 Milk and Honey John 1984
50%
26 Red Rose Speedway Paul 1973
50%
14 Walls and Bridges John 1974
50%
7 Living in the Material World George 1973
48%
20 Mind Games John 1973
48%
23 Venus and Mars Paul 1975
48%
30 Dark Horse George 1974
47%
11 Rock 'N' Roll John 1975
47%
8 Flaming Pie Paul 1997
46%
17 George Harrison George 1979
44%
36 Wings at the Speed of Sound Paul 1976
44%
27 Tug of War Paul 1982
43%
42 Wild Life Paul 1971
43%
34 New Paul 2013
42%
58 Pipes of Peace Paul 1983
42%
13 Back to the Egg Paul 1979
41%
31 London Town Paul 1978
41%
6 Chaos and Creation in the Backyard Paul 2005
40%
15 Brainwashed George 2002
39%
21 Flowers in the Dirt Paul 1989
38%
45 Some Time in New York City John 1972
38%
22 Goodnight Vienna Ringo 1974
36%
47 Somewhere in England George 1981
36%
19 Thirty Three & 1/3 George 1976
36%
41 Extra Texture George 1975
35%
61 Give My Regards to Broad Street Paul 1984
35%
32 Gone Troppo George 1982
35%
51 Press to Play Paul 1986
33%
56 Sentimental Journey Ringo 1970
33%
50 Wonderwall Music George 1968
32%
43 Driving Rain Paul 2001
31%
16 Memory Almost Full Paul 2007
31%
28 Beaucoups of Blues Ringo 1970
28%
38 Kisses on the Bottom Paul 2012
28%
29 Off the Ground Paul 1993
27%
62 Ringo the 4th Ringo 1977
27%
24 Run Devil Run Paul 1999
25%
59 Bad Boy Ringo 1978
22%
53 Ringo's Rotogravure Ringo 1976
21%
37 Ringo Rama Ringo 2003
20%
48 Stop and Smell the Roses Ringo 1981
20%
60 I Wanna Be Santa Claus Ringo 1999
19%
57 Ringo 2012 Ringo 2012
19%
52 Liverpool 8 Ringo 2008
18%
49 Old Wave Ringo 1983
18%
35 Postcards from Paradise Ringo 2015
18%
33 Time Takes Time Ringo 1992
18%
39 Vertical Man Ringo 1998
18%
46 Y Not Ringo 2010
18%
40 Choba B CCCP Paul 1988
16%
44 Choose Love Ringo 2005
15%
54 Give More Love Ringo 2017
13%
No matching quizzes found
Score Distribution
Percent of People with Each Score
Percentile by Number Answered
Your Score History
You have not taken this quiz